000 00582nam a2200169 i 4500
001 20024
003 ES-MaACL
005 20230906152222.0
007 t|
008 021112s1890 cl ||||1| spa d
100 1 _aArquíloco de Paros.
_923199
245 1 4 _aUna aglomeración de soles
_b: estudios políticos-astronómicos /
_cArquíloco de Paros.
260 _aConcepción (Chile) :
_b[s.n.],
_c1890 (
_fImp. del Comercio)
300 _a24 p. ;
_c22 cm.
500 _aArquíloco de Paros es seud. de Javier Villar.
852 _aES-MaACL
_jT-559-F-17
_q. - Ded. ms. de Javier Villar
999 _c20024
_d20024